| 000 | 01898cam a22004814i 4500 | ||
|---|---|---|---|
| 003 | PE-LiUPU | ||
| 005 | 20250731180124.0 | ||
| 008 | 150623s r 000 0 d | ||
| 035 | _a(Sirsi) a28005 | ||
| 040 |
_aPE-LiUPU _bspa _cPE-LiUPU _erda |
||
| 082 | 0 | 4 |
_a511.071 _bB21 _221 |
| 100 | 1 |
_aBandet, J., _eautor. |
|
| 245 | 1 | 4 |
_aLos comienzos del cálculo / _cJ. Bandet. |
| 264 | 1 |
_aBuenos Aires : _bEditorial Capelusz, _c1968. |
|
| 300 |
_a160 páginas : _bilustraciones, gráficos ; _c20 cm. |
||
| 336 |
_atext _2rdacontent |
||
| 337 |
_aunmediated _2rdamedia |
||
| 338 |
_avolume _2rdacarrier |
||
| 490 | 0 | _aColección de Pedagogía Práctica | |
| 505 | 0 | _aAprendizaje de los números y realidad. Cómo se construye el número: del aprendizaje al conocimiento. Ejercicios preliminares destinados a la primera sección y, de una manera general, a todos los que comienzan. Psicología de los comienzos del cálculo. El cálculo en la vida de la clase. De los principios a la práctica pedagógica. Cuando los niños de la escuela maternal juegan a "los conjuntos". | |
| 526 | _aSEG44 | ||
| 526 | _aSEG26 | ||
| 526 | _aP159 | ||
| 526 | _aP155 | ||
| 526 | _aP154 | ||
| 526 | _aP153 | ||
| 526 | _aP150 | ||
| 526 | _aP100 | ||
| 526 | _aP31 | ||
| 526 | _aP30 | ||
| 526 | _aP26 | ||
| 526 | _aP25 | ||
| 526 | _aP24 | ||
| 526 | _aP22 | ||
| 526 | _aP15 | ||
| 526 | _aP10 | ||
| 650 | 0 | 4 |
_aCálculo _xEstudio y enseñanza _vTextos escolares. |
| 942 |
_2ddc _cBOOK |
||
| 949 |
_a511.071 B21 _wDEWEY _c1 _i53239 _lCCODEBUL1 _mBUL _p8.00 _r0 _sY _tBOOK _u2015-06-24 _xEDUCACION _zUNKNOWN _0COMPRA _o.STAFF. Colección General |
||
| 596 | _a1 | ||
| 999 |
_a511.071 B21 _wDEWEY _c35206 _i53239 _f2021-11-5 _g5 _lCCODEBUL1 _mBUL _p8.00 _r0 _sN _tBOOK _u2015-6-24 _xBIBLIOTECA _zUNKNOWN _0COMPRA _o.STAFF. Colección General _d35206 |
||
| 980 |
_81 _gALBERTO SANCHEZ Responsable de Automatización |
||